| 000 | 00775nam a2200229 a 4500 | ||
|---|---|---|---|
| 999 |
_c11080 _d11080 |
||
| 001 | 11080 | ||
| 003 | BD-JhCC | ||
| 005 | 20190728173646.0 | ||
| 008 | 190628b 2013bg |||| ||a| 000 0 ben d | ||
| 020 | _a9789849068907 | ||
| 035 | _a(BD-JhCC)11080 | ||
| 040 |
_aBD-JhCC _dBD-JhCC |
||
| 041 | _aben | ||
| 082 |
_a153.1 _bAHM 2013 |
||
| 100 | _aআহমাদ, মোস্তাক | ||
| 245 |
_aসাহসিকতাই ব্যক্তিত্বের শ্রেষ্ঠ পুরস্কার / _cমোস্তাক আহমাদ । |
||
| 260 |
_aঢাকা: _bগাজী প্রকাশনী; _c২০১৩. |
||
| 300 |
_a১২৮ পৃঃ . : _c১৮ সেমি. |
||
| 650 | _aSelf Motivation | ||
| 942 |
_2ddc _cBK |
||